25 ciudades más pobladas de la Región de Murcia - Estadísticas

Estadísticas generales
  • Esta prueba ha sido intentada 1.100 veces
  • La puntuación promedio es 15 de 25
Estadísticas de respuestas
Pob. Municipio % Correcto
460 k Murcia
100%
216 k Cartagena
98%
95.7 k Lorca
91%
42.6 k Alcantarilla
79%
35.9 k Águilas
74%
35.1 k Yecla
74%
33.5 k San Javier
73%
73.6 k Molina de Segura
72%
25.7 k Caravaca de la Cruz
70%
35.2 k Cieza
69%
33.4 k Mazarrón
68%
26.1 k Jumilla
65%
32.8 k Totana
60%
26.5 k San Pedro del Pinatar
59%
22.5 k Alhama de Murcia
56%
37.0 k Torre-Pacheco
55%
17.1 k Mula
51%
20.6 k La Unión
46%
17.0 k Los Alcázares
46%
16.2 k Puerto Lumbreras
45%
19.5 k Archena
41%
21.9 k Las Torres de Cotillas
39%
14.9 k Cehegín
38%
17.3 k Fuente Álamo de Murcia
33%
16.1 k Santomera
32%
No se encontraron pruebas coincidentes
Distribución de puntuación
Porcentaje de gente con cada puntuación
Porcentaje por número respondido
Historial de tus puntuaciones
No has intentado esta prueba.